000 00610cam a2200193 4500
001 D6171
008 090401t1984 xxu||||| |||| 00| 0 eng d
035 _a(Sirsi) u88541
041 _aeng
050 _a692.9
110 _aJoint Contracts Tribunal
_93664
245 _aJCT intermediate form of building contract IFC 84: sub-contract conditions for sub-contractors named ... (NAM/SC)
260 _aLondon
_bBuilding Employers Confederation
_c1984
300 _a39p. 30cm
350 _a0
520 _aFiled in box JCT 1984/5 ABC A - Archives, B - Reference, C - Loan
942 _n0
948 _c04/03/1997
999 _c97357
_d97357